[Event "FINAL MISTRZOSTW POLSKI MLODZIKOW 2016 - CHLOPCY"]
[Site "Jastrzebia Gora"]
[Date "1899-12-30"]
[Round "5.6"]
[White "Madej, Marek"]
[Black "Dziewonski, Dariusz"]
[Result "1/2-1/2"]
[WhiteTitle "II"]
[BlackTitle "II"]
[WhiteElo "1240"]
[BlackElo "1414"]

1. d4 Nf6 2. c4 c5 3. d5 b5 4. b3 g6 5. Bb2 Bg7 6. Nf3 bxc4 7. bxc4 O-O 8. Nbd2
d6 9. e4 Nfd7 10. Qc2 Bxb2 11. Qxb2 Qb6 12. Qc2 Na6 13. a3 Qa5 14. Bd3 Nb4 15.
Qc3 Nxd3+ 16. Qxd3 Rb8 17. O-O Ba6 18. Rab1 Rb6 19. Qc2 Rfb8 20. Rxb6 axb6 21.
a4 Bc8 22. Ra1 Qa6 23. h3 b5 24. cxb5 Rxb5 25. axb5 Qxa1+ 26. Qb1 Qxb1+ 27. Nxb1
Kf8 28. Kf1 Ke8 29. Ke2 h6 30. Kd3 Kd8 31. Na3 Kc7 32. Nc4 Nf6 33. Ne3 Nd7 34.
Nc4 Nf6 35. Ne1 Nd7 36. Nc2 Nf6 37. N2e3 Nd7 38. f4 Nb6 39. Nxb6 Kxb6 40. e5 dxe5
41. fxe5 Kxb5 42. Ke4 Bb7 43. Kd3 c4+ 44. Kd4 c3 45. Nc2 Kb6 46. Na3 Ba8 47. Nc4+
Kb5 48. Ne3 Kb6 49. Nc2 Kb5 50. Ne1 Kb6 51. Nd3 c2 52. Kc4 Bb7 53. Nc1 Bc8 54.
Kd4 Kb5 55. d6 Kb4 1/2-1/2

[Event "FINAL MISTRZOSTW POLSKI MLODZIKOW 2016 - CHLOPCY"]
[Site "Jastrzebia Gora"]
[Date "1899-12-30"]
[Round "5.7"]
[White "Karwacki, Piotr"]
[Black "Pazdzierz, Piotr"]
[Result "1-0"]
[WhiteTitle "II"]
[BlackTitle "II"]
[WhiteElo "1164"]
[BlackElo "1319"]

1. e4 c5 2. Nf3 a6 3. d4 cxd4 4. Nxd4 e6 5. Be3 Nc6 6. Nc3 Bb4 7. Nxc6 bxc6 8.
Qd4 Bxc3+ 9. Qxc3 f6 10. Qb3 Qe7 11. O-O-O Qf7 12. Rd4 Ne7 13. Rb4 O-O 14. f4
Kh8 15. Bc5 Rd8 16. Bd6 f5 17. Rb8 Rxb8 18. Qxb8 Qf8 19. exf5 exf5 20. Bd3 Re8
21. Re1 h6 22. Rxe7 Rxe7 23. Bxe7 Qxe7 24. Qxc8+ Kh7 25. Bxf5+ g6 26. Qxd7 Qxd7
27. Bxd7 c5 28. c3 Kg7 29. b4 cxb4 30. cxb4 Kf6 31. Bc8 1-0

[Event "FINAL MISTRZOSTW POLSKI MLODZIKOW 2016 - CHLOPCY"]
[Site "Jastrzebia Gora"]
[Date "1899-12-30"]
[Round "5.8"]
[White "Rzenca, Jerzy"]
[Black "Meers, Hubert"]
[Result "0-1"]
[WhiteTitle "II"]
[BlackTitle "II+"]
[WhiteElo "1196"]
[BlackElo "1607"]

1. e4 c5 2. Nf3 d6 3. d4 cxd4 4. Nxd4 Nf6 5. Nc3 a6 6. Bg5 e6 7. Be2 Be7 8. Qd2
Qc7 9. O-O b5 10. a3 O-O 11. Kh1 Bb7 12. Qe3 Nbd7 13. f4 Nb6 14. f5 e5 15. Nb3
d5 16. Bxf6 Bxf6 17. Qc5 Rac8 18. Qxc7 Rxc7 19. exd5 Nxd5 20. Nxd5 Bxd5 21. Rac1
Rfc8 22. Na1 Be4 23. c3 Rd8 24. Nb3 Bd5 25. Na5 Bg5 26. Rcd1 Rcd7 27. h3 Be3 28.
Kh2 Be4 29. Rxd7 Rxd7 30. Bf3 Bd3 31. Re1 Bd2 32. Bc6 Rd6 33. Rg1 Bxf5 34. Rf1
Be6 35. Kh1 Be3 36. Re1 Bb6 37. b4 Bxa5 38. bxa5 Rxc6 39. Rd1 f6 40. Rd3 Kf7 41.
Kg1 Ke7 42. Kf2 Rc4 0-1

[Event "FINAL MISTRZOSTW POLSKI MLODZIKOW 2016 - CHLOPCY"]
[Site "Jastrzebia Gora"]
[Date "1899-12-30"]
[Round "5.9"]
[White "Goral, Jan"]
[Black "Pisarek, Jan"]
[Result "1/2-1/2"]
[WhiteTitle "II"]
[BlackTitle "II"]
[WhiteElo "1273"]
[BlackElo "1191"]

1. d4 d5 2. c4 e6 3. Nc3 Nf6 4. Bg5 Be7 5. cxd5 exd5 6. e3 c6 7. Bd3 O-O 8. Qc2
Nbd7 9. Nf3 Re8 10. O-O Nf8 11. Rab1 a5 12. a3 Ng4 13. Bxe7 Qxe7 14. h3 Nf6 15.
b4 axb4 16. axb4 Be6 17. b5 Reb8 18. bxc6 bxc6 19. Ne5 Qd6 20. Ne2 Bd7 21. Nc3
Ng6 22. Nxg6 hxg6 23. Na4 Rxb1 24. Rxb1 Rb8 25. Nc5 Rxb1+ 26. Qxb1 Be6 27. Qb6
Kh7 28. Bb5 Bd7 29. Nxd7 Nxd7 30. Qxc6 Qxc6 31. Bxc6 Nb6 32. Kh2 Kh6 33. Kg3 Kg5
34. h4+ Kf5 35. Kf3 g5 36. hxg5 Kxg5 37. e4 dxe4+ 38. Kxe4 Kf6 39. f4 Ke6 40.
g4 f6 41. d5+ Ke7 42. Kf5 Nc8 43. Kg6 Kf8 44. Kf5 Ke7 45. g5 fxg5 46. Kxg5 Nd6
47. Kg6 Kf8 48. Bd7 Nb7 49. f5 Nd6 50. f6 gxf6 51. Kxf6 Nb7 52. Bc6 Nd8 53. Bd7
Nb7 54. Ke5 Ke7 55. Bc6 1/2-1/2

[Event "FINAL MISTRZOSTW POLSKI MLODZIKOW 2016 - CHLOPCY"]
[Site "Jastrzebia Gora"]
[Date "1899-12-30"]
[Round "5.10"]
[White "Nowak, Filip"]
[Black "Paszkowski, Krystian"]
[Result "0-1"]
[WhiteTitle "II"]
[BlackTitle "III"]
[WhiteElo "1257"]
[BlackElo "1074"]

1. e4 c5 2. Nf3 Nc6 3. d4 cxd4 4. Nxd4 Qb6 5. Nb3 Nf6 6. Nc3 e6 7. Be3 Qc7 8. a3
Be7 9. Bd3 O-O 10. O-O a6 11. f4 b5 12. e5 Ne8 13. Qh5 f5 14. Rf3 g6 15. Qh6 Rf7
16. Raf1 Bf8 17. Qh3 Bb7 18. R3f2 Rd8 19. g4 fxg4 20. Qxg4 Nb8 21. f5 exf5 22.
Bxf5 Be7 23. e6 Rg7 24. exd7 gxf5 25. dxe8=Q+ Rxe8 26. Qxg7+ Kxg7 27. Rxf5 Rf8
28. Bd4+ Kg8 29. Be5 Qc6 0-1

[Event "FINAL MISTRZOSTW POLSKI MLODZIKOW 2016 - CHLOPCY"]
[Site "Jastrzebia Gora"]
[Date "1899-12-30"]
[Round "5.11"]
[White "Norek, Maciej"]
[Black "Ciszewski, Krzysztof"]
[Result "0-1"]
[WhiteTitle "II"]
[BlackTitle "II"]
[WhiteElo "1175"]
[BlackElo "1236"]

1. e4 e6 2. d4 d5 3. Nd2 c5 4. c3 Nc6 5. Ne2 Qb6 6. exd5 exd5 7. Nf3 Be6 8. Be3
Nf6 9. Ne5 Nxe5 10. dxe5 Ng4 11. Bf4 c4 12. Nd4 Qxb2 13. Be2 Qxc3+ 14. Kf1 h5
15. Nxe6 fxe6 16. Qa4+ Kf7 17. Rb1 b6 18. Qd7+ Be7 19. Bg5 Rhe8 20. h3 Nxe5 21.
Bxh5+ g6 22. Bxg6+ Nxg6 23. Re1 Ne5 24. Qc7 Nd3 25. Re3 Qa1+ 26. Ke2 Qc3 27. Kf1
0-1

[Event "FINAL MISTRZOSTW POLSKI MLODZIKOW 2016 - CHLOPCY"]
[Site "Jastrzebia Gora"]
[Date "1899-12-30"]
[Round "5.12"]
[White "Wieczorek, Mikolaj"]
[Black "Blazniak, Bartlomiej"]
[Result "1-0"]
[WhiteTitle "II"]
[BlackTitle "II"]
[WhiteElo "1217"]
[BlackElo "1137"]

1. e4 e6 2. d4 b6 3. Nc3 Bb4 4. Bd2 Bb7 5. Nge2 Ne7 6. a3 Bxc3 7. Nxc3 O-O 8. Bc4
f5 9. d5 exd5 10. exd5 d6 11. O-O Nd7 12. Bg5 h6 13. Bf4 Ng6 14. Be3 Qh4 15. Qd4
f4 16. Bd2 Nde5 17. Bd3 Nxd3 18. Qxd3 Ne5 19. Qe4 Qg4 20. h3 Qg6 21. Qxg6 Nxg6
22. Rfe1 Rae8 23. Nb5 a6 24. Nxc7 Rc8 25. Ne6 Rf7 26. Bb4 Bxd5 27. Nd4 a5 28.
Bc3 Bc6 29. Nxc6 Rxc6 30. Rad1 Re7 31. Rxe7 Nxe7 32. Rd4 g5 33. Kf1 Kf7 34. Ke2
Kg6 35. Kd2 Nf5 36. Re4 Kf7 37. Kd3 Ne7 38. Rc4 d5 39. Rxc6 Nxc6 40. b4 h5 41.
b5 Na7 42. a4 Ke6 43. Bd4 Nc8 44. f3 Kf5 45. c4 dxc4+ 46. Kxc4 Ke6 47. Kd3 Kf5
48. Bf2 Ke6 49. h4 g4 50. fxg4 hxg4 51. Ke4 g3 52. Bg1 Kf6 53. Kxf4 1-0

[Event "FINAL MISTRZOSTW POLSKI MLODZIKOW 2016 - CHLOPCY"]
[Site "Jastrzebia Gora"]
[Date "1899-12-30"]
[Round "5.13"]
[White "Herwy, Jakub"]
[Black "Iwaszkiewicz, Grzegorz"]
[Result "1/2-1/2"]
[WhiteTitle "II"]
[BlackTitle "II"]
[WhiteElo "1051"]
[BlackElo "1206"]

1. e4 d5 2. exd5 Qxd5 3. Nc3 Qa5 4. d4 Nf6 5. Nf3 Bf5 6. Bc4 c6 7. O-O e6 8. a3
Nbd7 9. Bd2 Qc7 10. Re1 Bd6 11. h3 O-O 12. Nh4 Bg6 13. Nxg6 hxg6 14. Qe2 Rfe8
15. Qf1 Nb6 16. Bb3 Nbd5 17. Bxd5 Nxd5 18. Nxd5 cxd5 19. Qd3 Rec8 20. c3 Qc4 21.
Qxc4 Rxc4 22. b3 Rc6 23. a4 a5 24. Kf1 Rb8 25. Ke2 b5 26. Reb1 b4 27. cxb4 Bxb4
28. Bxb4 Rxb4 29. Kd3 Rcb6 30. Kc3 f6 31. Rb2 e5 32. dxe5 fxe5 33. Re1 e4 34.
Rd1 Rc6+ 35. Kd2 Kf7 36. f3 Rd4+ 37. Ke1 Rxd1+ 38. Kxd1 e3 39. b4 Rc4 40. b5 Rc7
41. Ke2 Ke6 42. Kxe3 Kd6 43. Rb3 Rc4 44. b6 Rb4 45. Rxb4 axb4 46. a5 1/2-1/2

[Event "FINAL MISTRZOSTW POLSKI MLODZIKOW 2016 - CHLOPCY"]
[Site "Jastrzebia Gora"]
[Date "1899-12-30"]
[Round "5.14"]
[White "Wnek, Filip"]
[Black "Bogusz, Alan"]
[Result "0-1"]
[WhiteTitle "II"]
[BlackTitle "II"]
[WhiteElo "1188"]
[BlackElo "1572"]

1. e4 c5 2. Nf3 d6 3. d4 cxd4 4. Nxd4 Nf6 5. Nc3 a6 6. f3 Qb6 7. Nb3 e6 8. Na4
Qc7 9. Be3 Nbd7 10. Qd2 Be7 11. O-O-O O-O 12. Kb1 b5 13. Nc3 Bb7 14. g4 Ne5 15.
Bg2 Nc4 16. Qf2 Nxe3 17. Qxe3 Rac8 18. Rd2 e5 19. h4 Bc6 20. h5 b4 21. Ne2 Nd7
22. Ng3 h6 23. Qf2 Nf6 24. Bf1 a5 25. Nf5 Rfe8 26. Nxe7+ Rxe7 27. Bd3 a4 28. Nc1
Bb7 29. Rhd1 Rd7 30. Bb5 Bc6 31. Bxc6 Qxc6 32. Qh4 Nh7 33. Qg3 a3 34. bxa3 bxa3
35. Nb3 Qc3 0-1

[Event "FINAL MISTRZOSTW POLSKI MLODZIKOW 2016 - CHLOPCY"]
[Site "Jastrzebia Gora"]
[Date "1899-12-30"]
[Round "5.15"]
[White "Malinowski, Szymon"]
[Black "Madajczak, Piotr"]
[Result "0-1"]
[WhiteTitle "II+"]
[BlackTitle "II"]
[WhiteElo "1175"]
[BlackElo "1377"]

1. d4 Nf6 2. Bg5 e6 3. c4 c5 4. e3 b6 5. Nc3 Bb7 6. Nf3 Na6 7. a3 d6 8. Bd3 Be7
9. O-O O-O 10. h3 h6 11. Bh4 Nc7 12. Qe2 Qd7 13. Rad1 Rfe8 14. Bxf6 Bxf6 15. Ne4
Bxe4 16. Bxe4 d5 17. Bc2 Qc6 18. Rc1 Rac8 19. b4 cxd4 20. exd4 dxc4 21. Be4 Nd5
22. Nd2 c3 23. Qd3 Qa4 24. Bxd5 cxd2 25. Qxd2 exd5 26. Qd3 Qd7 27. f3 Qe7 28.
Kf2 Rxc1 29. Rxc1 Bg5 30. Rc3 Qe1# 0-1

[Event "FINAL MISTRZOSTW POLSKI MLODZIKOW 2016 - CHLOPCY"]
[Site "Jastrzebia Gora"]
[Date "1899-12-30"]
[Round "5.16"]
[White "Krupinski, Mikolaj"]
[Black "Dembicki, Karol"]
[Result "1-0"]
[WhiteTitle "II"]
[BlackTitle "II"]
[WhiteElo "1372"]
[BlackElo "1146"]

1. e4 e5 2. Nf3 Nc6 3. Bc4 Nf6 4. d3 Be7 5. O-O O-O 6. Re1 d5 7. exd5 Nxd5 8. Nxe5
Nxe5 9. Rxe5 Nb6 10. Bb3 Bd6 11. Re1 Qh4 12. g3 Qh3 13. Re4 Bd7 14. Rh4 Qf5 15.
Nc3 Rae8 16. Ne4 Bc6 17. Rh5 Qd7 18. Nxd6 Qxd6 19. Be3 Nd5 20. Bxd5 Bxd5 21. c4
Bc6 22. Bc5 Qf6 23. Rh4 Re5 24. Bxf8 Kxf8 25. Rf4 Rf5 26. Rxf5 Qxf5 27. f4 Qd7
28. d4 b5 29. d5 Bb7 30. Qb3 Qd6 31. Qxb5 Ba6 32. Qb8+ Ke7 33. Re1+ Kf6 34. Qxa7
Qc5+ 35. Qxc5 Bb7 36. Qe7+ Kg6 37. Qg5# 1-0

[Event "FINAL MISTRZOSTW POLSKI MLODZIKOW 2016 - CHLOPCY"]
[Site "Jastrzebia Gora"]
[Date "1899-12-30"]
[Round "5.17"]
[White "Rosenfeld, Noe"]
[Black "Bochenek, Ryszard"]
[Result "1-0"]
[WhiteTitle "II"]
[BlackTitle "II"]
[WhiteElo "1279"]
[BlackElo "1101"]

1. e4 c5 2. Nf3 Nc6 3. d4 cxd4 4. Nxd4 e5 5. Nf5 d5 6. exd5 Bxf5 7. dxc6 Qxd1+
8. Kxd1 bxc6 9. c3 Bc5 10. Ke1 Nf6 11. f3 e4 12. Nd2 O-O-O 13. Ba6+ Kd7 14. Nc4
Rhe8 15. f4 e3 16. Ne5+ Kc7 17. Nxf7 Rd7 18. Ne5 Rde7 19. a4 Bd6 20. Nxc6 Re4
21. Nd4 Rxf4 22. Nb5+ Kd7 23. Nxa7 Ke7 24. Nc6+ Kf8 25. Rf1 Rxf1+ 26. Kxf1 Bxh2
27. Bb5 Bd7 28. Nd4 h5 29. Bxd7 Nxd7 30. Ke2 Bf4 31. a5 g5 32. a6 g4 33. Nf5 Bg3
34. Nxg3 h4 35. Nf1 g3 36. Nxg3 hxg3 37. a7 Ra8 38. b4 Ke8 39. b5 Kd8 40. Bxe3
Kc7 41. c4 Nb6 42. c5 Nd5 43. Kf3 Nc3 44. Bf4+ Kb7 45. c6+ Kb6 46. c7 Nxb5 47.
c8=Q Rxc8 48. a8=Q Rxa8 49. Rxa8 Nd4+ 50. Ke4 Nc6 51. Rg8 Kc5 52. Rc8 Kb6 53.
Rxc6+ Kxc6 54. Bxg3 Kd7 55. Be5 Ke6 56. Kf4 Kf7 57. g4 Kg8 58. Kg5 Kf8 59. Kh6
Kg8 60. g5 Kf7 61. g6+ Ke6 62. g7 Kxe5 63. g8=Q Kd4 64. Qe8 Kd3 65. Qa4 Ke2 66.
Qb3 Kd2 67. Kg5 Ke2 68. Kf4 Kd2 69. Ke4 Ke2 70. Qb2+ Kf1 71. Kf3 Kg1 72. Qg2#
1-0

[Event "FINAL MISTRZOSTW POLSKI MLODZIKOW 2016 - CHLOPCY"]
[Site "Jastrzebia Gora"]
[Date "1899-12-30"]
[Round "5.18"]
[White "Kycia, Marek"]
[Black "Wierzbicki, Dawid"]
[Result "0-1"]
[WhiteTitle "II"]
[BlackTitle "II"]
[WhiteElo "1138"]
[BlackElo "1269"]

1. e4 e5 2. Nf3 Nc6 3. Bb5 Bc5 4. O-O Nf6 5. Re1 d6 6. c3 O-O 7. d4 exd4 8. cxd4
Bb4 9. Nc3 Bg4 10. Bxc6 bxc6 11. Bg5 Re8 12. Qe2 Qd7 13. Bxf6 gxf6 14. Qe3 Bxc3
15. bxc3 Qe6 16. Nh4 d5 17. Qg3 Kh8 18. f3 Bh5 19. exd5 Qxd5 20. Qf4 Qg5 21. Qxg5
fxg5 22. Nf5 c5 23. dxc5 Bg6 24. Nd4 Kg7 25. Kf2 a6 26. a3 Rab8 27. Ra2 Rxe1 28.
Kxe1 Rb1+ 29. Kd2 f5 30. Ne6+ Kf6 31. Nxc7 Rg1 32. Kd3 f4+ 33. Kd4 Rd1+ 34. Kc4
Bf7+ 35. Kb4 Bxa2 36. Nxa6 Rb1+ 37. Ka4 Ke7 38. Nb4 Bb3+ 39. Kb5 Kd7 40. a4 Kc7
41. a5 Bd5 42. Ka6 Bb7+ 43. Kb5 Bd5 44. Ka6 Bc4+ 45. Ka7 Ra1 46. a6 Bxa6 47. Nxa6+
Kc6 48. c4 h5 49. h3 h4 0-1

[Event "FINAL MISTRZOSTW POLSKI MLODZIKOW 2016 - CHLOPCY"]
[Site "Jastrzebia Gora"]
[Date "1899-12-30"]
[Round "5.20"]
[White "Karolczuk, Iwo"]
[Black "Czaja, Adrian"]
[Result "1-0"]
[WhiteTitle "III"]
[BlackTitle "II"]
[WhiteElo "1114"]
[BlackElo "1196"]

1. e4 c6 2. Nf3 d5 3. d3 dxe4 4. Ng5 exd3 5. Bxd3 Nf6 6. Nxf7 Qd5 7. Nxh8 Qxg2
8. Rf1 Nbd7 9. Bf4 g6 10. Nxg6 hxg6 11. Bg3 Kd8 12. Bxg6 Bh6 13. Nd2 Qd5 14. Nb3
Qg5 15. Bd3 Nd5 16. Nd4 Qf6 17. c3 Bf4 18. Bh4 Qf7 19. Bg3 Bxg3 20. fxg3 Qg8 21.
Qe2 Nc5 22. O-O-O Qg5+ 23. Kb1 Na4 24. Rc1 Qg8 25. Qf2 Nf6 26. Nf5 Bxf5 27. Bxf5
Ke8 28. Bc2 Nb6 29. Rce1 Qf7 30. Qe2 Qg7 31. Qe6 Nbd7 32. Ka1 Rc8 33. Bg6+ Kd8
34. Rd1 Rc7 35. Rxf6 1-0

[Event "FINAL MISTRZOSTW POLSKI MLODZIKOW 2016 - CHLOPCY"]
[Site "Jastrzebia Gora"]
[Date "1899-12-30"]
[Round "5.21"]
[White "Kusiak, Mateusz"]
[Black "Jedraszek, Pawel"]
[Result "1/2-1/2"]
[WhiteTitle "III"]
[BlackTitle "II"]
[WhiteElo "1085"]
[BlackElo "1261"]

1. c4 c5 2. Nc3 Nc6 3. g3 g6 4. Bg2 Bg7 5. d3 e6 6. Bd2 Nge7 7. Nf3 d5 8. Qc2 O-O
9. O-O a6 10. a3 Qc7 11. Rfd1 Rd8 12. Rab1 dxc4 13. dxc4 Nf5 14. Bf4 Qe7 15. Rxd8+
Qxd8 16. Ne4 Qe7 17. e3 e5 18. g4 exf4 19. gxf5 Bxf5 20. Nfd2 fxe3 21. fxe3 Bxe4
22. Bxe4 Qg5+ 23. Kf2 Bh6 24. Nf1 Re8 25. Rd1 Qh4+ 26. Kf3 Ne5+ 27. Kg2 Nxc4 28.
Qxc4 Qxe4+ 29. Qxe4 Rxe4 30. Kf3 Re7 31. Rd8+ Kg7 32. Rc8 Bg5 33. Rxc5 Bf6 34.
b4 Be5 35. Ng3 Bxg3 36. hxg3 h5 37. a4 Kf6 38. Kf4 Kg7 39. e4 f6 40. b5 Kf8 41.
bxa6 bxa6 42. Rc6 Ra7 43. Rxf6+ Kg7 44. Kg5 Rc7 45. Rxg6+ Kf7 46. Rxa6 Rc5+ 47.
Kh4 Rc4 48. Kxh5 Rxe4 49. g4 Re1 50. a5 Rc1 51. Rb6 Rc5+ 52. g5 Rxa5 53. Kh6 Ra1
54. Rb7+ Kg8 55. Rc7 Rb1 56. Rc8+ Kf7 57. g6+ Kf6 1/2-1/2

[Event "FINAL MISTRZOSTW POLSKI MLODZIKOW 2016 - CHLOPCY"]
[Site "Jastrzebia Gora"]
[Date "1899-12-30"]
[Round "5.22"]
[White "Jaskiewicz, Kacper"]
[Black "Backiel, Hubert"]
[Result "0-1"]
[WhiteTitle "II"]
[BlackTitle "II+"]
[WhiteElo "1100"]
[BlackElo "1247"]

1. c4 e5 2. Nc3 Nf6 3. e4 Nc6 4. d3 Be7 5. Nf3 d6 6. h3 h6 7. Be2 Be6 8. Nd5 Qd7
9. Be3 O-O 10. a3 Rad8 11. b4 b6 12. Qc2 Ne8 13. b5 Nb8 14. a4 c5 15. bxc6 Nxc6
16. Qb2 f5 17. Qb5 Nc7 18. Nxe7+ Nxe7 19. Qxd7 Bxd7 20. exf5 Nxf5 21. O-O Ne6
22. a5 Nxe3 23. fxe3 b5 24. Rfc1 Rc8 25. cxb5 Bxb5 26. e4 Nf4 27. Re1 Rc2 28.
Bf1 Nxh3+ 29. gxh3 Rxf3 30. Be2 Rxh3 31. Bf1 Rhh2 32. Rab1 a6 33. Rxb5 axb5 34.
a6 Rhd2 35. d4 Rc7 36. dxe5 dxe5 37. Bxb5 Ra7 38. Rc1 Rd4 39. Rc8+ Kf7 40. Be8+
Ke7 41. Bb5 Rxe4 42. Re8+ Kf6 43. Rb8 Rb4 44. Rb6+ Kg5 45. Kf2 Rxa6 46. Rxa6 Rxb5
47. Ra7 g6 48. Ra4 h5 49. Re4 Kf5 50. Rh4 Rd5 51. Rh1 Rd4 52. Re1 g5 53. Rh1 h4
54. Rh3 g4 55. Rxh4 g3+ 56. Kxg3 Rxh4 57. Kxh4 Kf4 58. Kh3 Kf3 59. Kh2 Kf2 60.
Kh3 e4 0-1

[Event "FINAL MISTRZOSTW POLSKI MLODZIKOW 2016 - CHLOPCY"]
[Site "Jastrzebia Gora"]
[Date "1899-12-30"]
[Round "5.23"]
[White "Wilk, Igor"]
[Black "Zmuda, Mateusz"]
[Result "1/2-1/2"]
[WhiteTitle "III"]
[BlackTitle "II"]
[WhiteElo "1103"]
[BlackElo "1199"]

1. e4 c5 2. Nf3 g6 3. c3 Nc6 4. d4 b6 5. Bb5 Bb7 6. O-O a6 7. Bxc6 Bxc6 8. Nbd2
d6 9. d5 Bd7 10. Nb3 Bg7 11. Bf4 Qc7 12. Qd2 Nf6 13. e5 Ng4 14. exd6 exd6 15.
Rfe1+ Ne5 16. Nxe5 dxe5 17. d6 Qc8 18. Bxe5 O-O 19. Bxg7 Kxg7 20. Re7 Re8 21.
Rxe8 Bxe8 22. Rd1 Ra7 23. Re1 Bc6 24. h3 Rd7 25. Qf4 Qf8 26. Rd1 Qd8 27. Qe5+
f6 28. Qe6 Ba4 29. f3 c4 30. Qxc4 Bxb3 31. axb3 Rxd6 32. Rxd6 Qxd6 33. Qd4 Qe6
34. Qd1 Qe3+ 35. Kh2 Qf2 36. Qc1 h5 37. Qa1 a5 38. Qb1 h4 39. Qc1 f5 40. Qg1 Qxb2
41. Qxb6 Qxc3 42. Qb7+ Kh6 43. Qb5 Qb4 44. Qd5 Qf4+ 45. Kg1 Qb4 46. Kh2 a4 47.
bxa4 Qxa4 48. Qd2+ Kh5 49. Qe3 g5 50. Qd2 g4 51. fxg4+ fxg4 52. Qd5+ Kg6 53. Qe6+
Kg5 1/2-1/2

[Event "FINAL MISTRZOSTW POLSKI MLODZIKOW 2016 - CHLOPCY"]
[Site "Jastrzebia Gora"]
[Date "1899-12-30"]
[Round "5.24"]
[White "Pancewicz, Szymon"]
[Black "Choina, Jan"]
[Result "1/2-1/2"]
[WhiteTitle "II"]
[BlackTitle "II"]
[WhiteElo "1079"]
[BlackElo "1190"]

1. Nf3 c5 2. g3 d5 3. Bg2 g6 4. c4 d4 5. d3 Bg7 6. Bf4 Nc6 7. O-O e5 8. Bg5 Nge7
9. Bxe7 Qxe7 10. Nbd2 O-O 11. a3 Be6 12. Rb1 a5 13. Ne4 f5 14. Ned2 Rac8 15. Qa4
b6 16. Qc2 Qd7 17. Rfe1 f4 18. Ne4 fxg3 19. hxg3 Rcd8 20. Qd2 Bf5 21. Rbd1 Bxe4
22. dxe4 Qg4 23. Qg5 Qe6 24. b3 Bf6 25. Qh6 Bg7 26. Qg5 Bf6 27. Qh6 Bg7 28. Qg5
Bf6 29. Qh6 1/2-1/2

[Event "FINAL MISTRZOSTW POLSKI MLODZIKOW 2016 - CHLOPCY"]
[Site "Jastrzebia Gora"]
[Date "1899-12-30"]
[Round "5.26"]
[White "Wolski, Michal"]
[Black "Doskocz, Karol"]
[Result "1-0"]
[WhiteTitle "II"]
[BlackTitle "II"]
[WhiteElo "1116"]
[BlackElo "1074"]

1. e4 c5 2. Nf3 e6 3. d4 cxd4 4. Nxd4 a6 5. Bd3 Qc7 6. O-O Nf6 7. Qe2 Bc5 8. Nb3
d5 9. Nxc5 Qxc5 10. exd5 Nxd5 11. c4 Nf6 12. Nc3 O-O 13. Be3 Qc7 14. Bg5 Nbd7
15. Rad1 b6 16. Ne4 Bb7 17. Nxf6+ Nxf6 18. Bxf6 gxf6 19. Qg4+ Kh8 20. Bxh7 f5
21. Qh4 f6 22. Bg6+ Kg8 23. Rd3 Rfd8 24. Rh3 Kf8 25. Qxf6+ Kg8 26. Rh8# 1-0

[Event "FINAL MISTRZOSTW POLSKI MLODZIKOW 2016 - CHLOPCY"]
[Site "Jastrzebia Gora"]
[Date "1899-12-30"]
[Round "5.28"]
[White "Wiszniewski, Szymon"]
[Black "Kubaszewski, Piotr"]
[Result "0-1"]
[WhiteTitle "II"]
[BlackTitle "III"]
[WhiteElo "1193"]
[BlackElo "1097"]

1. e4 e6 2. d3 d5 3. Nd2 c5 4. Ngf3 Nc6 5. g3 h6 6. Bg2 Be7 7. O-O Nf6 8. Re1 O-O
9. e5 Nd7 10. Nf1 Qc7 11. Qe2 b6 12. h4 Ba6 13. N1h2 c4 14. d4 Qb7 15. c3 b5 16.
a3 Na5 17. Bf4 Nb3 18. Ng4 Nxa1 19. Qe3 Nc2 20. Qd2 Nxe1 21. Bxh6 Nxf3+ 22. Bxf3
g6 23. h5 Rab8 24. Bg7 g5 25. Nf6+ Nxf6 26. Qxg5 Nh7 27. Qg4 Bg5 28. Bf6 Nxf6
29. exf6 Kh7 30. Qxg5 Rg8 31. Qh4 Kh6 32. Kg2 Qc7 33. Kh2 Rg5 34. Kg2 Rbg8 35.
Kh2 Qd8 36. Qf4 Qb8 37. Qxb8 Rxb8 38. g4 Rbg8 39. Kg3 Rxh5 40. Kf4 Rhg5 41. Be2
Kg6 42. f3 Kxf6 43. Bf1 Ke7 44. Bg2 f5 45. Bh3 fxg4 46. Bxg4 Rxg4+ 0-1

[Event "FINAL MISTRZOSTW POLSKI MLODZIKOW 2016 - CHLOPCY"]
[Site "Jastrzebia Gora"]
[Date "1899-12-30"]
[Round "5.29"]
[White "Dawgiel, Bartosz"]
[Black "Fudal, Patryk"]
[Result "1-0"]
[WhiteTitle "II"]
[BlackTitle "III"]
[WhiteElo "1134"]
[BlackElo "1082"]

1. e4 c5 2. Nf3 d6 3. d4 cxd4 4. Nxd4 Nf6 5. Nc3 g6 6. Be3 Bg7 7. f3 O-O 8. Qd2
Nc6 9. O-O-O Be6 10. g4 Qa5 11. Kb1 Ne5 12. h3 Nxf3 13. Qf2 Nxd4 14. Bxd4 Nd7
15. Bxg7 Kxg7 16. Qh4 Rfe8 17. Nd5 Nf6 18. Bc4 Nxe4 19. g5 Nd2+ 20. Kc1 Bxd5 21.
Qd4+ Kg8 22. Qxd5 Nxc4 23. Qxc4 Qxg5+ 24. Kb1 Qc5 25. Qb3 b5 26. Rhf1 Qc4 27.
Qf3 Rac8 28. c3 a5 29. Rd4 Qe6 30. Re4 Qd5 31. Qe3 e5 32. Rh4 f5 33. Ka1 b4 34.
Qa7 bxc3 35. Qxh7+ Kf8 36. Qh8+ Ke7 37. Rh7+ Kd8 38. Qf6+ Re7 39. Qxe7# 1-0

[Event "FINAL MISTRZOSTW POLSKI MLODZIKOW 2016 - CHLOPCY"]
[Site "Jastrzebia Gora"]
[Date "1899-12-30"]
[Round "5.31"]
[White "Lesien, Tymoteusz"]
[Black "Nowicki, Filip"]
[Result "0-1"]
[WhiteTitle "II"]
[BlackTitle "III"]
[WhiteElo "1213"]
[BlackElo "1092"]

1. d4 d5 2. c4 e6 3. Nc3 Nf6 4. Nf3 Be7 5. e3 O-O 6. b3 Nbd7 7. Bd3 b6 8. O-O Bb7
9. Bb2 c5 10. Qe2 Rc8 11. Rad1 Qc7 12. Nb5 Qd8 13. Nxa7 Ra8 14. Nb5 Rxa2 15. Ra1
Qa8 16. Rxa2 Qxa2 17. Ra1 Qxb3 18. Ra3 Qb4 19. Bc3 Qxa3 20. Nxa3 cxd4 21. Bxd4
Bxa3 22. g3 Bd6 23. Qb2 dxc4 24. Bxc4 Bxf3 25. Qb5 Rc8 26. Be2 Bd5 27. f3 Rc1+
28. Kf2 Rc2 29. Ke1 Ne5 30. Kd1 Rxe2 31. Bxe5 Bxf3 32. Qc4 Rxe3+ 33. Kd2 Rxe5
0-1

[Event "FINAL MISTRZOSTW POLSKI MLODZIKOW 2016 - CHLOPCY"]
[Site "Jastrzebia Gora"]
[Date "1899-12-30"]
[Round "5.32"]
[White "Wawrzyniak, Karol"]
[Black "Homza, Dominik"]
[Result "1-0"]
[WhiteTitle "II"]
[BlackTitle "II"]
[WhiteElo "1130"]
[BlackElo "1019"]

1. e4 c5 2. Nf3 d6 3. d4 cxd4 4. Nxd4 Nf6 5. Nc3 g6 6. Be3 Bg7 7. f3 O-O 8. Qd2
Bd7 9. O-O-O Nc6 10. Kb1 a5 11. g4 Qc7 12. h4 Nb4 13. h5 Nxg4 14. fxg4 Bxg4 15.
Be2 Bd7 16. hxg6 fxg6 17. Bh6 Rf7 18. a3 Na6 19. Nd5 Qc8 20. Nb6 Qc5 21. Nxa8
Bxd4 22. Qxd4 Qxd4 23. Rxd4 Nc5 24. Nb6 Ne6 25. Rdd1 Rf6 26. Nxd7 Rf2 27. Bc4
Rg2 28. Bxe6+ Kh8 29. Rhf1 Rf2 30. Rxf2 b5 31. Rf8# 1-0

[Event "FINAL MISTRZOSTW POLSKI MLODZIKOW 2016 - CHLOPCY"]
[Site "Jastrzebia Gora"]
[Date "1899-12-30"]
[Round "5.33"]
[White "Olchowy, Tomasz"]
[Black "Grzadka, Artur"]
[Result "1-0"]
[WhiteTitle "III"]
[BlackTitle "II"]
[WhiteElo "1104"]
[BlackElo "1172"]

1. e4 e6 2. d4 d5 3. e5 c5 4. Nf3 Nc6 5. c3 Nge7 6. dxc5 Nf5 7. b4 Qc7 8. Bb5 Bd7
9. Bxc6 Bxc6 10. Bg5 h6 11. Bh4 Nxh4 12. Nxh4 Qxe5+ 13. Qe2 Qg5 14. g3 Qc1+ 15.
Qd1 Qb2 16. Nd2 Qxc3 17. a3 Bb5 18. Nhf3 Ba4 19. Qxa4+ Kd8 20. O-O h5 21. Kg2
Qf6 22. Rfe1 g5 23. Ne5 Qe7 24. Rad1 Kc8 25. c6 Kb8 26. cxb7 Kxb7 27. Qc6+ Kb8
28. Nd7+ Qxd7 29. Qxd7 Bh6 30. Rc1 Rf8 31. Qc7# 1-0

[Event "FINAL MISTRZOSTW POLSKI MLODZIKOW 2016 - CHLOPCY"]
[Site "Jastrzebia Gora"]
[Date "1899-12-30"]
[Round "6.1"]
[White "Lyszczarz, Konrad"]
[Black "Fiszer, Bartosz"]
[Result "0-1"]
[WhiteTitle "II+"]
[BlackTitle "CM"]
[WhiteElo "1515"]
[BlackElo "1557"]

1. e4 e6 2. Nf3 d5 3. Nc3 Nf6 4. e5 Nfd7 5. d4 c5 6. dxc5 Nc6 7. Bf4 Bxc5 8. Bd3
f6 9. exf6 Nxf6 10. O-O O-O 11. Ne5 Bd6 12. Nxc6 bxc6 13. Bg3 e5 14. Qd2 Nh5 15.
Rad1 Nxg3 16. hxg3 Bg4 17. Be2 Bxe2 18. Nxe2 Qb6 19. c3 Rf6 20. Nc1 Raf8 21. Nb3
a5 22. Nc1 e4 23. Nb3 Bxg3 24. Nd4 Bxf2+ 25. Rxf2 Rxf2 26. Qg5 R2f6 27. Rd2 Qc7
28. Rd1 h6 29. Qh4 Qe5 30. Re1 Qb8 31. b3 Qe5 32. Rc1 c5 33. Ne2 Rf5 34. Rd1 Rh5
35. Qg3 Qxg3 36. Nxg3 Rg5 37. Ne2 Rf3 38. Rxd5 Rxd5 39. gxf3 exf3 40. Nf4 Rd2
41. Kf1 g5 42. Nh3 g4 43. Nf4 g3 44. Ke1 Rxa2 45. Nh3 g2 46. b4 f2+ 0-1

[Event "FINAL MISTRZOSTW POLSKI MLODZIKOW 2016 - CHLOPCY"]
[Site "Jastrzebia Gora"]
[Date "1899-12-30"]
[Round "6.2"]
[White "Demski, Michal"]
[Black "Kejna, Piotr"]
[Result "0-1"]
[WhiteTitle "II"]
[BlackTitle "II"]
[WhiteElo "1278"]
[BlackElo "1410"]

1. e4 c5 2. Nf3 d6 3. d4 cxd4 4. Nxd4 Nf6 5. Nc3 a6 6. Be3 e5 7. Nb3 Be6 8. f3
h5 9. Qd2 Nbd7 10. O-O-O Be7 11. h3 b5 12. Be2 h4 13. Bg5 Qc7 14. f4 Rc8 15. Bxf6
Nxf6 16. Bd3 Bc4 17. fxe5 dxe5 18. Bxc4 Qxc4 19. Na5 Qc7 20. Nb3 b4 21. Nd5 Nxd5
22. exd5 Bg5 23. Kb1 Bxd2 24. Rxd2 Rd8 0-1